| 000 | 01399nam a2200373 a 4500 | ||
|---|---|---|---|
| 999 |
_c156335 _d156335 |
||
| 003 | BLK | ||
| 005 | 20241123111522.0 | ||
| 008 | 180410b bul|||||r ||||||| ||bul|| | ||
| 010 | _aKNG00163170000 | ||
| 020 | _a978-954-491-899-6 | ||
| 040 | _aBLK | ||
| 041 |
_aBUL _cBUL |
||
| 072 | 7 |
_2bullib _aН83 _xЧужда художествена литература Н |
|
| 080 |
_aЕврейска литература на иврит. Вж и 830-088 _b821.411.16 _x-32 _z821.411.16-32 |
||
| 100 | 1 |
_aКерет, Етгар _eпърви автор _978349 |
|
| 139 |
_aКерет, Етгар _bК 52 |
||
| 245 | 1 | 0 |
_aАсамтой _cЕтгар Керет; прев. от англ. Милена Варзоновцева. |
| 257 | _aJUD | ||
| 260 |
_bЖанет 45 _c2013 _aПловдив |
||
| 300 |
_a156 с. _c22 см |
||
| 380 | _aX | ||
| 490 | 1 | _aКратки разкази завинаги | |
| 500 | _aКратки разкази завинаги = ISSN C633-4563. - Ориг. загл.: The nimrod flipout / Etgar Keret. | ||
| 659 | _aН | ||
| 700 | 1 |
_aВарзоновцева, Милена _eпрев. от англ. _945558 |
|
| 852 | _aЦб 269875 | ||
| 856 | 4 | _qpdf | |
| 856 | 4 | _qpdf | |
| 942 |
_cKNG _n0 _08 |
||
| 944 |
_aCR _c17.07.2014 _k30570 _lМоника Янева |
||
| 944 |
_aED _c11.03.2015 _kГрета_Цуфелде |
||
| 999 | _d156335 | ||
| 999 | _d156335 | ||